| 000 | 00653nam a22001937a 4500 | ||
|---|---|---|---|
| 003 | NUST-PNEC | ||
| 005 | 20170116180712.0 | ||
| 008 | 141013b xxu||||| |||| 00| 0 eng d | ||
| 022 | _aB000OKCDMY | ||
| 040 | _cPNEC | ||
| 082 | _a621.3848 SKO | ||
| 100 |
_912 _aSkolnik Merrill I. |
||
| 245 |
_aRadar handbook. _cMirrill I. Skolnik. |
||
| 260 |
_aNew York : _bMcGraw-Hill, _c1970. |
||
| 300 |
_ax,(various pagings) : _b il. ; _c24 cm. |
||
| 500 | _aIncludes Index http://www.amazon.com/Radar-Handbook-Merrill-Skolnik/dp/B000OKCDMY/ref=sr_1_3?s=books&ie=UTF8&qid=1413199060&sr=1-3&keywords=radar+handbook+skolnik | ||
| 650 | _xEL | ||
| 942 |
_2ddc _cBK |
||
| 999 |
_c60993 _d60993 |
||